Domains of fuzzy probability I

Bibliographic Details
Main Authors: Frič, Roman, 1944-2021 (Author), Papčo, Martin, 1975- (Author)
Format: Article
Language:English
ISBN:9788080404383
Subjects:

MARC

LEADER 00000naa a2200000 a 4500
001 vtls011855882
003 SK-MaSNL
005 20260302143139.0
008 210910|2012 xo |||||||||||||||||eng|
015 |a SNBCL 
035 |a (urnnbn)urn:nbn:sk:snk:ar-a0b03x 
035 |a urn:nbn:sk:snk-aaw9r2 
035 |a (uuid)59062e0c-4acd-4974-9c9d-3fb67408d725 
040 |a SNKBUCL  |b slo  |c SNKBUCL  |e AACR2 
041 |a eng 
044 |a xo  |c SK 
100 1 |a Frič, Roman,  |d 1944-2021  |4 aut  |9 39810 
245 1 0 |a Domains of fuzzy probability I  |c Roman Frič, Martin Papčo 
655 7 |a články zo zborníkov  |2 snkbucl  |9 166140 
700 1 |a Papčo, Martin,  |d 1975-  |4 aut  |9 252006 
773 0 |t Eleventh International Conference on Fuzzy Set Theory and Applications  |d In Liptovský Mikuláš : Armed Forces Academy of General M. R. Štefánik, 2012  |g S. 44  |z 9788080404383 
958 |a OND 
958 |a article26 
958 |a chapter 
999 |c 1342839  |d 1344769